[Event "Euro Online U2300 Day 1"]
[Site "chess.com INT"]
[Date "2020.05.25"]
[Round "3"]
[White "Juknis, Paulius"]
[Black "Toman, Jan"]
[Result "1/2-1/2"]
[WhiteElo "2127"]
[BlackElo "2072"]
[WhiteFideId "12802247"]
[BlackFideId "321451"]
[EventDate "2020.05.25"]

1. d4 Nf6 2. Bg5 Ne4 3. h4 d5 4. Nd2 Nxg5 5. hxg5 Nc6 6. Ngf3 Bf5 7. e3 e6 8.
Bb5 Be7 9. Ne5 Qd6 10. c4 dxc4 11. Qa4 O-O 12. Bxc6 bxc6 13. Ndxc4 Qd5 14. Qxc6
Bxg5 15. Qxd5 exd5 16. Na5 Be4 17. f3 Bxe3 18. fxe4 Bxd4 19. Nec6 Bxb2 20. Rb1
Bc3+ 21. Ke2 Rfe8 22. Kd3 Bxa5 23. Nxa5 dxe4+ 24. Ke3 f5 25. Rb7 Rad8 26. Rxc7
Rd3+ 27. Ke2 Ra3 28. Nc6 Rxa2+ 29. Ke3 Ra3+ 30. Kf4 Ra2 31. Ne7+ Kf8 32. Nxf5
Rf2+ 33. Kg4 Rxg2+ 34. Kf4 Rf2+ 35. Kg4 Rg2+ 36. Kf4 Rf2+ 37. Kg4 Rg2+ 1/2-1/2

[Event "Euro Online U2300 Day 1"]
[Site "chess.com INT"]
[Date "2020.05.25"]
[Round "3"]
[White "Simet, Martin"]
[Black "Safin, Robert"]
[Result "1-0"]
[WhiteTitle "FM"]
[BlackTitle "FM"]
[WhiteElo "2194"]
[BlackElo "2287"]
[WhiteFideId "377244"]
[BlackFideId "34189120"]
[EventDate "2020.05.25"]

1. d4 Nf6 2. Nf3 g6 3. Bf4 Bg7 4. h3 d6 5. e3 O-O 6. Be2 b6 7. O-O Nbd7 8. c3
Bb7 9. a4 a5 10. Nbd2 Qe8 11. Qb3 e5 12. Bh2 Qe7 13. Qa3 Rfe8 14. Bb5 e4 15. Ne1
Ba6 16. Nc2 Bxb5 17. axb5 h5 18. Qa4 h4 19. Qc4 Nf8 20. Qc6 g5 21. b4 a4 22. Ra3
g4 23. Rfa1 gxh3 24. gxh3 Qe6 25. Kg2 N8h7 26. Bf4 Nh5 27. Rxa4 Rac8 28. Ra8
Nxf4+ 29. exf4 Bh6 30. Rxc8 Qxc8 31. Ra7 Bxf4 32. Rxc7 Qe6 33. Ne3 Ng5 34. Qd7
Ra8 35. Qxe6 fxe6 36. Rc6 Bxe3 37. fxe3 Ra2 38. Kf1 Rxd2 39. Ke1 Nf3+ 40. Kf1
Nh2+ 41. Ke1 Nf3+ 42. Kf1 Rh2 43. Rxd6 Rxh3 44. Rxe6 Kg7 45. d5 Rg3 46. d6 h3
47. Re7+ Kg6 48. Re6+ Kh7 49. Re7+ Kh6 50. Re6+ Kh5 51. Re8 Nh4 52. Rh8+ Kg5 53.
d7 h2 54. d8=Q+ Kg4 55. Qxh4+ Kf3 56. Qf4# 1-0

[Event "Euro Online U2300 Day 1"]
[Site "chess.com INT"]
[Date "2020.05.25"]
[Round "3"]
[White "Hakobyan, Hakob V."]
[Black "Siradze, Salome"]
[Result "1-0"]
[WhiteElo "2070"]
[BlackElo "2008"]
[WhiteFideId "13308807"]
[BlackFideId "13603973"]
[EventDate "2020.05.25"]

1. Nf3 Nf6 2. c4 g6 3. Nc3 Bg7 4. e4 d6 5. d4 O-O 6. Be2 Nbd7 7. O-O e5 8. Be3
Ng4 9. Bg5 f6 10. Bd2 Nh6 11. d5 a5 12. a3 Nc5 13. Qc2 a4 14. Be3 Bd7 15. Ne1 g5
16. Nd3 b6 17. Nxc5 bxc5 18. b4 axb3 19. Qxb3 f5 20. f3 g4 21. Nb5 f4 22. Bf2
Qg5 23. fxg4 Nxg4 24. Nxc7 Rab8 25. Qd1 Ne3 26. Bxe3 Bh3 27. Bf3 fxe3 28. Ne6
Bxe6 29. dxe6 Rbe8 30. a4 Kh8 31. a5 Rxe6 32. a6 Rh6 33. a7 Qh4 34. h3 Ra8 35.
Qd5 Qd8 36. Rfb1 Rf6 37. Qxa8 Qxa8 38. Rb8+ Rf8 39. Rxa8 Rxa8 40. Bg4 Bf6 41.
Be6 Bd8 42. Bd5 Ba5 43. Rxa5 e2 44. Kf2 Rf8+ 45. Kxe2 1-0

[Event "Euro Online U2300 Day 1"]
[Site "chess.com INT"]
[Date "2020.05.25"]
[Round "3"]
[White "Labiano Hernandez, Juan"]
[Black "Prydun, Andriy"]
[Result "1-0"]
[BlackTitle "FM"]
[WhiteElo "2158"]
[BlackElo "2254"]
[WhiteFideId "24556840"]
[BlackFideId "14145898"]
[EventDate "2020.05.25"]

1. e4 e6 2. d4 d5 3. Nc3 Bb4 4. e5 c5 5. Bd2 cxd4 6. Nb5 Bc5 7. b4 Bf8 8. f4 Nc6
9. Rb1 a6 10. Na3 Nh6 11. Nf3 Nf5 12. Bd3 Ne3 13. Qe2 f5 14. b5 Bxa3 15. bxc6
bxc6 16. Nxd4 Ng4 17. Nxc6 Qc7 18. Nd4 O-O 19. h3 Nh6 20. O-O Bc5 21. c3 Bd7 22.
Kh1 Qa7 23. Nb3 Bb6 24. c4 Bc6 25. c5 Bc7 26. Rfc1 Rfb8 27. Qe3 Nf7 28. Nd4 Nd8
29. g4 Rxb1 30. Bxb1 Rb8 31. gxf5 exf5 32. Bxf5 Ba8 33. e6 Nc6 34. e7 Re8 35.
Qe6+ Kh8 36. Nxc6 Qb7 37. Qf7 1-0

[Event "Euro Online U2300 Day 1"]
[Site "chess.com INT"]
[Date "2020.05.25"]
[Round "3"]
[White "Klykow, Lukasz"]
[Black "Sahakyan, Arman K."]
[Result "0-1"]
[WhiteElo "2197"]
[BlackElo "1775"]
[WhiteFideId "1106767"]
[BlackFideId "13310992"]
[EventDate "2020.05.25"]

1. e4 c5 2. Nf3 a6 3. c4 Nc6 4. d4 cxd4 5. Nxd4 e5 6. Nf5 d6 7. Nc3 Bxf5 8. exf5
Nf6 9. Bd3 Be7 10. Be3 O-O 11. g4 Nd7 12. Nd5 Bg5 13. Qd2 Bxe3 14. Qxe3 Nd4 15.
g5 Nb6 16. Nxb6 Qxb6 17. O-O-O f6 18. Rhg1 Kh8 19. Rg3 Rac8 20. Rdg1 d5 21. gxf6
Qxf6 22. Rxg7 e4 23. Qh3 Qxf5 24. Qg3 Qf4+ 25. Qxf4 Rxf4 26. Bf1 Rxf2 27. Rxb7
dxc4 28. Rd7 Nf3 29. Rh1 e3 30. Re7 c3 31. b3 Rxa2 32. Rxe3 Nd2 33. Bg2 Nxb3+
34. Kb1 Rb2# 0-1

[Event "Euro Online U2300 Day 1"]
[Site "chess.com INT"]
[Date "2020.05.25"]
[Round "3"]
[White "Lisin, Egor"]
[Black "Tsereteli, Tornike"]
[Result "1-0"]
[WhiteElo "1943"]
[BlackElo "1735"]
[WhiteFideId "34147257"]
[BlackFideId "13612565"]
[EventDate "2020.05.25"]

1. Nf3 Nf6 2. g3 g6 3. Bg2 Bg7 4. O-O O-O 5. d3 d5 6. Nc3 c5 7. e4 e6 8. Re1 Nc6
9. Bf4 a6 10. e5 Nd7 11. h4 b5 12. Nb1 f6 13. exf6 Qxf6 14. c3 e5 15. Bg5 Qf7
16. Qd2 Nb6 17. Bh6 Bxh6 18. Qxh6 Bg4 19. Nbd2 Rae8 20. Ng5 Qg7 21. Qxg7+ Kxg7
22. a4 bxa4 23. b3 h6 24. Nh3 Bf5 25. bxa4 Bxd3 26. a5 Nc4 27. Bxd5 Nxd2 28.
Bxc6 Nf3+ 29. Bxf3 Rxf3 30. Kg2 Rff8 31. Re3 c4 32. Rae1 e4 33. Nf4 Kf7 34. f3
exf3+ 35. Kxf3 Rxe3+ 36. Kxe3 Re8+ 37. Kd2 Rxe1 38. Kxe1 Be4 39. Kf2 Kf6 40. Ke3
Kf5 41. Nxg6 Bc6 42. Ne7+ Ke6 43. Nxc6 1-0

[Event "Euro Online U2300 Day 1"]
[Site "chess.com INT"]
[Date "2020.05.25"]
[Round "3"]
[White "Afanasiev, Dmitry2"]
[Black "Maletina, Tatiana"]
[Result "0-1"]
[BlackTitle "WIM"]
[WhiteElo "2175"]
[BlackElo "2270"]
[WhiteFideId "4131347"]
[BlackFideId "24145084"]
[EventDate "2020.05.25"]

1. c4 c6 2. d4 d5 3. cxd5 cxd5 4. Bg5 h6 5. Bh4 Nc6 6. Nc3 Nf6 7. Bxf6 gxf6 8.
e3 e6 9. Bd3 f5 10. Nf3 Bd6 11. O-O a6 12. Rc1 Rg8 13. g3 h5 14. Kh1 Qf6 15. Nh4
Rh8 16. Na4 Bd7 17. Nb6 Rd8 18. Nxd7 Kxd7 19. Qb3 Rb8 20. Qa4 Rhc8 21. Rc3 Qd8
22. Qd1 Qg5 23. f4 Qh6 24. Qa4 Rc7 25. Rfc1 Rbc8 26. a3 Be7 27. Nf3 Bf6 28. h4
Qg7 29. Kh2 Rg8 30. Ng5 Bxg5 31. hxg5 f6 32. Bxa6 Ra8 33. Rxc6 bxc6 34. b4 fxg5
35. b5 gxf4 36. bxc6+ Ke7 37. exf4 h4 38. Rg1 hxg3+ 39. Rxg3 Rh8+ 40. Kg2 Qh6
41. Qb4+ Kf6 42. Bf1 Rxc6 43. Kf3 Qh5+ 44. Ke3 Qd1 45. Bd3 Qc1+ 46. Kf3 Rc3 47.
Qb5 Qd1+ 48. Ke3 Qe1+ 49. Kf3 Qd2 50. Rg6+ Kxg6 51. Qe8+ Rxe8 0-1

[Event "Euro Online U2300 Day 1"]
[Site "chess.com INT"]
[Date "2020.05.25"]
[Round "3"]
[White "Huda, Maryana"]
[Black "Varvadoukas, Theodoros"]
[Result "0-1"]
[WhiteTitle "WGM"]
[WhiteElo "2128"]
[BlackElo "2152"]
[WhiteFideId "14116553"]
[BlackFideId "4210735"]
[EventDate "2020.05.25"]

1. e4 c5 2. Nf3 Nc6 3. d4 cxd4 4. Nxd4 Nf6 5. Nc3 d6 6. Bg5 Bd7 7. Qd2 Rc8 8.
O-O-O a6 9. f4 h6 10. Bh4 Qa5 11. Nb3 Qh5 12. Bf2 g5 13. f5 g4 14. h3 Qg5 15.
Be3 Qg8 16. Bd3 Ne5 17. Nd5 Nxd5 18. exd5 gxh3 19. gxh3 Nxd3+ 20. Qxd3 Qh7 21.
Rhf1 Bb5 22. Qe4 Bxf1 23. Rxf1 Rg8 24. Bf4 b5 25. Bxd6 Qg7 26. Bxe7 Qg2 27. Re1
Qxe4 28. Rxe4 Rg1+ 29. Kd2 Rg2+ 30. Kd3 Rcxc2 31. Bxf8+ Kxf8 32. d6 Rc6 33. Rd4
Ke8 34. Na5 Rb6 35. b4 Kd7 36. Nb3 Rxd6 37. Nc5+ Kc6 38. Nxa6 Rg3+ 39. Ke4 Rxd4+
40. Kxd4 Rxh3 41. Ke5 h5 42. Kf4 Rh4+ 43. Kg5 Rh2 44. a3 Kd5 45. Nc5 h4 46. Kg4
Rf2 47. a4 bxa4 48. Nxa4 h3 49. Kxh3 Rxf5 50. Kg4 Rf1 51. Nc3+ Kd4 52. Ne2+ Ke5
53. Kg3 Rb1 54. Kf2 Rxb4 55. Ke3 Rb3+ 56. Kf2 f5 57. Ng3 f4 58. Ne2 Ra3 59. Ng1
Ke4 60. Ne2 Ra2 61. Ke1 Ke3 0-1

[Event "Euro Online U2300 Day 1"]
[Site "chess.com INT"]
[Date "2020.05.25"]
[Round "3"]
[White "Kilic, Eray"]
[Black "Finek, Vaclav"]
[Result "1-0"]
[BlackTitle "FM"]
[WhiteElo "2094"]
[BlackElo "2203"]
[WhiteFideId "44517173"]
[BlackFideId "23718293"]
[EventDate "2020.05.25"]

1. e4 Nf6 2. e5 Nd5 3. d4 d6 4. Nf3 dxe5 5. dxe5 Bg4 6. Bc4 e6 7. O-O Nc6 8. Re1
Be7 9. h3 Bh5 10. a3 O-O 11. Nbd2 Nf4 12. Re4 g5 13. Qe1 Bg6 14. Re3 Bc5 15. Rc3
Bd4 16. Nxd4 Nxd4 17. Ne4 Nfe2+ 18. Bxe2 Bxe4 19. Bd3 Bc6 20. Be4 Bb5 21. Kh1
Ne2 22. Re3 Nxc1 23. Rxc1 Rb8 24. Rg3 h6 25. h4 Kg7 26. c4 Ba6 27. Qe3 f5 28.
exf6+ Qxf6 29. hxg5 hxg5 30. Rxg5+ Kf7 31. Qg3 Rh8+ 32. Kg1 Rbg8 33. Qxc7+ Qe7
34. Bg6+ Kf6 35. Qf4+ Kg7 36. Bf7+ Kh7 37. Bxg8+ Rxg8 38. Rxg8 Kxg8 39. Re1 Qf7
40. Qxf7+ Kxf7 41. b3 b5 42. cxb5 Bxb5 43. Re5 Bd7 44. f4 Bc8 45. Ra5 a6 46. Kf2
Ke7 47. g3 Kd6 48. Ke3 Bb7 49. Rg5 Bd5 50. b4 Kc6 51. Kd4 Kb5 52. f5 Ka4 53.
fxe6 Bxe6 54. Ra5+ Kb3 55. Rxa6 Bg4 56. b5 Be2 57. Kc5 Bf1 58. Ra7 Be2 59. b6
Bf3 60. b7 Bxb7 61. Rxb7+ Kxa3 62. g4 Ka2 63. g5 Ka3 64. g6 Ka2 65. g7 Ka1 66.
g8=R Ka2 67. Ra8# 1-0

[Event "Euro Online U2300 Day 1"]
[Site "chess.com INT"]
[Date "2020.05.25"]
[Round "3"]
[White "Kukucka, Matej"]
[Black "Chertkov, Maksim"]
[Result "0-1"]
[WhiteElo "2107"]
[BlackElo "1972"]
[WhiteFideId "14917270"]
[BlackFideId "54145481"]
[EventDate "2020.05.25"]

1. d4 d5 2. c4 dxc4 3. e3 Nf6 4. Bxc4 e6 5. Nf3 a6 6. O-O b5 7. Bb3 c5 8. Qe2
Bb7 9. Rd1 Nbd7 10. a4 b4 11. Nbd2 Be7 12. a5 O-O 13. Nc4 Qc7 14. Bd2 Bd5 15.
Rac1 Qb7 16. Ne1 Rac8 17. f3 cxd4 18. exd4 Rc7 19. Bf4 Rc6 20. Ba4 Rxc4 21. Rxc4
Bxc4 22. Qxc4 Nd5 23. Bd2 Rc8 24. Qd3 N7f6 25. Nc2 Bd6 26. g3 Bc7 27. Ne3 Nxe3
28. Bxe3 Qxf3 29. Rf1 Qb7 30. Bg5 Nd5 31. Bc2 g6 32. Qf3 Bxa5 33. Bd3 Rc7 34.
Bh6 Bb6 35. Qe4 Qa7 36. Kg2 Bxd4 37. Re1 Bg7 38. Bg5 Qd4 39. Qxd4 Bxd4 40. b3 a5
41. Bd8 Rc3 42. Bc4 Ne3+ 43. Rxe3 Bxe3 44. Bxa5 Bc5 45. h4 h5 46. g4 hxg4 47.
Bc7 Bd4 48. Bd6 Rxc4 49. bxc4 b3 50. c5 b2 51. c6 b1=Q 52. c7 Qe4+ 0-1

[Event "Euro Online U2300 Day 1"]
[Site "chess.com INT"]
[Date "2020.05.25"]
[Round "3"]
[White "Nilsson, Joakim 2000"]
[Black "Lucchi, Lorenzo"]
[Result "1-0"]
[WhiteTitle "FM"]
[WhiteElo "2215"]
[BlackElo "2111"]
[WhiteFideId "1723383"]
[BlackFideId "821160"]
[EventDate "2020.05.25"]

1. d4 Nf6 2. Nf3 g6 3. Bg5 Bg7 4. Nbd2 d5 5. e3 Ne4 6. Bf4 c5 7. c3 Nc6 8. Nxe4
dxe4 9. Nd2 cxd4 10. cxd4 Qa5 11. Be2 e5 12. dxe5 Nxe5 13. O-O O-O 14. Nxe4 Bf5
15. Nc3 Qb6 16. Nd5 Qxb2 17. Ne7+ Kh8 18. Nxf5 gxf5 19. Rb1 Qxa2 20. Rxb7 Rfd8
21. Qe1 a5 22. Bh5 Nd3 23. Qb1 Qxb1 24. Rfxb1 Nxf4 25. exf4 a4 26. Bxf7 a3 27.
Ba2 Bb2 28. g3 Rd2 29. Rb5 Re8 30. Rxf5 Ree2 31. Rg5 h6 32. Rg6 Rxf2 33. Rxh6+
Kg7 34. Rh5 Bd4 35. Rb7+ Kg6 36. Bf7+ Kf6 37. Rh6+ Kf5 38. Rb5+ Ke4 39. Re6+ Kd3
40. Rb3+ Kc2 41. Rc6+ Kd1 42. Rb1+ Ke2 43. Bh5+ Kd3 44. Bg6+ Ke2 45. Re6+ Be3
46. Bh5+ Kd3 47. Rb3+ Kc4 48. Rbxe3 Rg2+ 49. Kf1 Rdf2+ 50. Ke1 Rb2 51. Be2+ Kc5
52. R3e5+ Kb4 53. Rb6+ Kc3 54. Rc5+ Kd4 55. Rc4+ Kd5 56. Rxb2 axb2 57. Rb4 Rg1+
58. Bf1 1-0

[Event "Euro Online U2300 Day 1"]
[Site "chess.com INT"]
[Date "2020.05.25"]
[Round "3"]
[White "Brehovsky, Paul"]
[Black "Terbe, Julianna"]
[Result "0-1"]
[BlackTitle "WIM"]
[WhiteElo "2149"]
[BlackElo "2273"]
[WhiteFideId "1616463"]
[BlackFideId "708780"]
[EventDate "2020.05.25"]

1. d4 d5 2. c4 c6 3. Nf3 Nf6 4. Nc3 dxc4 5. a4 Bf5 6. e3 e6 7. Bxc4 Bb4 8. O-O
Nbd7 9. Qe2 Bg6 10. h3 O-O 11. Nh4 Bh5 12. g4 Bg6 13. Nxg6 hxg6 14. f4 c5 15.
dxc5 Nxc5 16. Bd2 Qa5 17. Rfd1 Rfd8 18. e4 Bxc3 19. Bxc3 Qb6 20. a5 Qc6 21. Bxf6
gxf6 22. e5 fxe5 23. fxe5 Ne4 24. Kh2 Ng5 25. Bb5 Qc5 26. Rac1 Qxe5+ 27. Qxe5
Nf3+ 28. Kg3 Nxe5 29. Rxd8+ Rxd8 30. Rc7 Rb8 31. Kf4 Nc6 32. Bxc6 bxc6 33. Rxc6
Rxb2 34. Rc7 a6 35. Ra7 Rb4+ 36. Kf3 Kg7 37. Rxa6 Ra4 38. Ra7 g5 39. a6 Kf6 40.
Ra8 Ke5 41. a7 Ra3+ 42. Kg2 Kf4 43. Kf2 Ra2+ 44. Ke1 e5 45. Rf8 Rxa7 46. Kf2 e4 0-1

[Event "Euro Online U2300 Day 1"]
[Site "chess.com INT"]
[Date "2020.05.25"]
[Round "3"]
[White "Manukyan, Artyom"]
[Black "Eynullayev, Atilla"]
[Result "1-0"]
[WhiteElo "2148"]
[BlackElo "2347"]
[WhiteFideId "13305786"]
[BlackFideId "13413570"]
[EventDate "2020.05.25"]

1. e4 e5 2. Nf3 Nc6 3. Bb5 Nf6 4. O-O Nxe4 5. Re1 Nd6 6. Nxe5 Be7 7. Bd3 Nxe5 8.
Rxe5 O-O 9. Nc3 c6 10. Qe2 Bf6 11. Re3 Re8 12. b3 Bd4 13. Rxe8+ Qxe8 14. Qf1 Qd8
15. Bxh7+ Kxh7 16. Qd3+ Kg8 17. Qxd4 Nf5 18. Qf4 d5 19. Bb2 Qd6 20. Qxd6 Nxd6
21. f3 Bf5 22. d3 Re8 23. Kf2 f6 24. Re1 Rxe1 25. Kxe1 Kf7 26. Ke2 Bd7 27. g4
Nb5 28. Nxb5 cxb5 29. Ke3 Ke6 30. h4 Bc6 31. h5 Kf7 32. Kf4 Bd7 33. Bd4 a6 34.
Bc3 Bc8 35. Ke3 Bd7 36. Kd4 Bc6 37. Bd2 Ke6 38. f4 Kf7 39. g5 fxg5 40. fxg5 Ke6
41. Kc5 Kf5 42. Kd6 d4 43. Kc5 Bf3 44. h6 gxh6 45. gxh6 Kg6 46. Kxd4 Bd1 47. c3
Bf3 48. b4 Bc6 49. a3 Bh1 50. Ke5 Bc6 51. d4 Kf7 52. d5 Be8 53. Kd6 Kf6 54. Kc7 1-0

[Event "Euro Online U2300 Day 1"]
[Site "chess.com INT"]
[Date "2020.05.25"]
[Round "3"]
[White "Stoyanov, Viktor"]
[Black "Van Hoolandt, Patrick"]
[Result "1-0"]
[BlackTitle "FM"]
[WhiteElo "2240"]
[BlackElo "2063"]
[WhiteFideId "450308"]
[BlackFideId "200999"]
[EventDate "2020.05.25"]

1. d4 Nf6 2. c4 e6 3. g3 d5 4. Bg2 dxc4 5. Nf3 Bb4+ 6. Nbd2 b5 7. O-O O-O 8. a4
c6 9. Ne1 Nd5 10. Nc2 Be7 11. e4 Nc7 12. e5 Nd5 13. Ne4 Nd7 14. h4 b4 15. a5 Ba6
16. Re1 Rb8 17. Qg4 Kh8 18. h5 c5 19. h6 g6 20. Bg5 cxd4 21. Bxe7 Qxe7 22. Nxd4
Nxe5 23. Qe2 Nd3 24. Red1 Rfd8 25. Nc6 Qf8 26. Nxb8 Rxb8 27. Ng5 Rd8 28. Qe4 Kg8
29. Rab1 Qxh6 30. Nxe6 fxe6 31. Qxe6+ Kh8 32. Bxd5 Qf8 33. Rf1 Bc8 34. Qe4 Qf6
35. Bxc4 Bf5 36. Qe3 Ne5 37. Rbc1 Ng4 38. Qf4 Rd4 39. Qf3 Ne5 40. Qa8+ Kg7 41.
Qxa7+ Rd7 42. Qe3 Bh3 43. Be2 Re7 44. Rfe1 Ng4 45. Qf3 Qxb2 46. Bf1 Ne5 47. Qe4
Bf5 48. Qe2 Qa3 49. Bg2 b3 50. Rc7 b2 51. Rxe7+ Qxe7 52. a6 b1=Q 53. Rxb1 Bxb1
54. f4 Qa7+ 55. Kh2 Ng4+ 56. Qxg4 Qxa6 57. Qd7+ Kh6 58. g4 g5 59. f5 Qb6 60. Qe7
Qc6 61. Bxc6 Bxf5 62. gxf5 g4 63. Qf6+ Kh5 64. Be8# 1-0

[Event "Euro Online U2300 Day 1"]
[Site "chess.com INT"]
[Date "2020.05.25"]
[Round "3"]
[White "Stamatovic, Aleksandar"]
[Black "Hovsepyan, Vardan"]
[Result "0-1"]
[WhiteElo "2165"]
[BlackElo "2231"]
[WhiteFideId "928526"]
[BlackFideId "13304291"]
[EventDate "2020.05.25"]

1. e4 e5 2. Nf3 Nc6 3. d4 exd4 4. Nxd4 Bc5 5. Nxc6 Qf6 6. Qf3 dxc6 7. Nc3 Be6 8.
Be3 Bd4 9. O-O-O O-O-O 10. Bxd4 Rxd4 11. Qxf6 Rxd1+ 12. Kxd1 Nxf6 13. f3 Rd8+
14. Ke1 Nd7 15. Be2 f5 16. Bd3 Nc5 17. Ke2 fxe4 18. Bxe4 Nxe4 19. fxe4 b5 20. a3
a5 21. Ke3 b4 22. axb4 axb4 23. Ne2 c5 24. Nf4 Bc4 25. b3 Bf7 26. Rf1 c4 27.
bxc4 Bxc4 28. Rb1 c5 29. Ra1 Kb7 30. h4 Rd7 31. g4 h6 32. g5 hxg5 33. hxg5 Bb5
34. Rb1 Kc7 35. c3 Bc6 36. cxb4 Re7 37. Nd3 Rxe4+ 38. Kd2 c4 39. Nc5 Re5 40. Kc3
Bd5 41. Rg1 Kc6 42. Kd4 Rf5 43. Rg4 g6 44. Rg1 Kb5 45. Nd7 Be6 46. Ne5 Bf7 47.
Ra1 Be6 48. Re1 Rxg5 49. Nf3 Rg4+ 50. Ke5 Bf5 51. Nd4+ Kxb4 52. Re3 Bd3 53. Kd5
Rg5+ 54. Ke6 Kc3 55. Nf3 Ra5 56. Kf6 Kb2 57. Ne1 Bf5 58. Re2+ Kb3 59. Nf3 Rd5
60. Re8 c3 61. Rb8+ Kc4 62. Rb7 c2 63. Nd2+ Rxd2 0-1

[Event "Euro Online U2300 Day 1"]
[Site "chess.com INT"]
[Date "2020.05.25"]
[Round "3"]
[White "Mostbauer, Florian"]
[Black "Hristodoulou, Panagiotis"]
[Result "0-1"]
[WhiteTitle "FM"]
[BlackTitle "FM"]
[WhiteElo "2309"]
[BlackElo "2302"]
[WhiteFideId "1626671"]
[BlackFideId "4214340"]
[EventDate "2020.05.25"]

1. c4 e6 2. g3 d5 3. Bg2 dxc4 4. Qc2 Nf6 5. Qxc4 c5 6. Nf3 Nc6 7. O-O Be7 8. d3
O-O 9. Be3 b6 10. d4 Bb7 11. dxc5 Na5 12. Qd3 Qxd3 13. exd3 Bxc5 14. Bxc5 bxc5
15. Na3 Rfd8 16. Rac1 Rxd3 17. Rxc5 Nb3 18. axb3 Bxf3 19. Rc3 Bxg2 20. Kxg2 Rad8
21. Nb5 a6 22. Nc7 Rxc3 23. bxc3 Rc8 24. Nxa6 Rxc3 25. Rb1 Rc6 26. Nb4 Rb6 27.
Nd3 Kf8 28. b4 Nd5 29. Kf3 Ke7 30. h4 f6 31. Rb2 e5 32. Ra2 e4+ 0-1

[Event "Euro Online U2300 Day 1"]
[Site "chess.com INT"]
[Date "2020.05.25"]
[Round "3"]
[White "Tevzadze, Mariam"]
[Black "Sirosh, Ilja"]
[Result "1-0"]
[BlackTitle "IM"]
[WhiteElo "1834"]
[BlackElo "2405"]
[WhiteFideId "13605470"]
[BlackFideId "4500458"]
[EventDate "2020.05.25"]

1. d4 Nf6 2. Nf3 g6 3. c3 Bg7 4. Bf4 O-O 5. e3 d6 6. h3 c5 7. Bh2 Qb6 8. Qc1
cxd4 9. cxd4 Bf5 10. Nc3 Rc8 11. Be2 Ne4 12. O-O Nxc3 13. bxc3 Nd7 14. Qd2 Nf6
15. Bd3 Ne4 16. Bxe4 Bxe4 17. Ng5 Bd5 18. e4 Bc4 19. Rfe1 h6 20. Nf3 Qa5 21.
Rec1 b5 22. Rc2 Qa3 23. h4 h5 24. Bf4 Rc7 25. Rac1 Rac8 26. g3 Be6 27. Kg2 Qa4
28. Ng5 Bd7 29. e5 Bf5 30. Rb2 dxe5 31. dxe5 Rd7 32. Qe2 Qc4 33. Qxc4 bxc4 34.
Rb4 e6 35. Re1 Bf8 36. Ra4 Rb8 37. Ne4 Rc7 38. Nf6+ Kg7 39. Re2 Bd3 40. Rd2 Be7
41. g4 hxg4 42. Kg3 Rcb7 43. Kxg4 Rh8 44. Bg5 Rd8 45. Kf3 Ra8 46. Ra6 Rb6 47.
Ra5 Rb1 48. h5 gxh5 49. Nxh5+ Kg6 50. Bxe7 Kxh5 51. Bf6 Rg8 52. Ke3 Re1+ 53. Kd4
Rc8 54. f3 Be2 55. Ke3 Bd3+ 56. Kf4 Re2 57. Rxe2 Bxe2 58. Rxa7 Kg6 59. Ke3 Bd3
60. a4 Rb8 61. a5 Rb3 62. Kd4 Be2 63. f4 Rb2 64. Ra8 Kf5 65. a6 Kxf4 66. a7 Ra2
67. Bg5+ Kf5 68. Be7 Bf3 69. Rf8 Rxa7 70. Rxf7+ Kg4 71. Rg7+ Kf5 72. Ke3 Kxe5
73. Kxf3 Ra1 74. Rg5# 1-0

[Event "Euro Online U2300 Day 1"]
[Site "chess.com INT"]
[Date "2020.05.25"]
[Round "3"]
[White "Yordanov, Lachezar"]
[Black "Brondt, Nicolai Kvist"]
[Result "1-0"]
[WhiteTitle "FM"]
[BlackTitle "FM"]
[WhiteElo "2307"]
[BlackElo "2223"]
[WhiteFideId "2918927"]
[BlackFideId "1413848"]
[EventDate "2020.05.25"]

1. d4 d5 2. c4 c6 3. cxd5 cxd5 4. Bf4 Nf6 5. e3 Qb6 6. Nc3 Bg4 7. Qb3 Qxb3 8.
axb3 Nc6 9. f3 Bd7 10. g4 e6 11. Kf2 Be7 12. h4 O-O 13. h5 Ne8 14. Nge2 Nd6 15.
Nc1 Nb4 16. Nd3 Nxd3+ 17. Bxd3 a6 18. g5 Rfc8 19. g6 fxg6 20. hxg6 h6 21. Rh5
Nb5 22. Na4 Rf8 23. Nb6 Rad8 24. Nxd7 Rxd7 25. Bxb5 axb5 26. Rhh1 Bb4 27. Rhc1
Re8 28. Ke2 Kf8 29. Ra7 Ke7 30. Be5 Rg8 31. Rc7 Rxc7 32. Bxc7 Kf6 33. Be5+ Kxg6
34. Rxb7 h5 35. Rxb5 Be7 36. Rb6 Kf7 37. Rb7 g5 38. b4 Rc8 39. Bd6 Re8 40. b5
Kf6 41. Be5+ Kf5 42. b6 g4 43. fxg4+ hxg4 44. Rc7 Rb8 45. Rxe7 Rxb6 46. Rf7+ Kg6
47. Rg7+ Kf5 48. Kf2 Rxb2+ 49. Kg3 Re2 50. Bf4 Re1 51. Rg5+ Ke4 52. Re5+ Kd3 53.
Kxg4 Rg1+ 54. Kf3 Rg6 55. Rg5 Rf6 56. Rg8 Kd2 57. Re8 Kd3 58. Kg4 Rg6+ 59. Kh5
Rf6 60. Kg5 Rf5+ 61. Kg6 Rxf4 62. exf4 Ke4 63. Rxe6+ Kxf4 64. Re5 1-0

[Event "Euro Online U2300 Day 1"]
[Site "chess.com INT"]
[Date "2020.05.25"]
[Round "3"]
[White "Vuckovic, Marko"]
[Black "Korneevets, Alexander"]
[Result "0-1"]
[BlackTitle "IM"]
[WhiteElo "2059"]
[BlackElo "2267"]
[WhiteFideId "16501870"]
[BlackFideId "13500180"]
[EventDate "2020.05.25"]

1. e4 e5 2. Nf3 Nc6 3. d4 exd4 4. Nxd4 Nf6 5. Nxc6 bxc6 6. e5 Qe7 7. Qe2 Nd5 8.
c4 Ba6 9. b3 g6 10. Bb2 Bg7 11. Nd2 Nb4 12. Ne4 O-O 13. f4 d5 14. Nf6+ Bxf6 15.
exf6 Nc2+ 16. Kd2 Qxe2+ 17. Bxe2 Nxa1 18. Bxa1 Rad8 19. Be5 dxc4+ 20. Kc3 Rd5
21. bxc4 Ra5 22. Ra1 Ra3+ 23. Kb4 Re3 24. Bf3 Bb7 25. Kc5 Rd8 26. Bxc7 Rc8 27.
Be5 Ra3 28. Bg4 Rd8 29. Bc7 Rf8 30. Rb1 Ba6 31. Rb2 Rc3 32. Rb4 Rc2 33. Bd6 Rd8
34. Be7 Ra8 35. Bf3 Rc8 36. Ra4 Bb5 37. Rb4 a5 38. Bg4 axb4 39. Bxc8 Rxc4+ 40.
Kb6 Rxf4 41. Bd7 Rf2 42. Bxb4 Rxa2 43. Bh3 h5 44. Kc5 Rc2+ 45. Kd4 Rc4+ 0-1

[Event "Euro Online U2300 Day 1"]
[Site "chess.com INT"]
[Date "2020.05.25"]
[Round "3"]
[White "Uhmann, Jan"]
[Black "Vukovic, Nikola"]
[Result "1-0"]
[WhiteElo "2009"]
[BlackElo "2150"]
[WhiteFideId "306363"]
[BlackFideId "14508907"]
[EventDate "2020.05.25"]

1. e4 c5 2. Nf3 d6 3. Bc4 Nf6 4. d3 e6 5. Nc3 Be7 6. O-O Nc6 7. Bf4 O-O 8. Qd2
a6 9. a4 d5 10. Ba2 dxe4 11. dxe4 Nd4 12. e5 Nh5 13. Nxd4 Qxd4 14. Qxd4 cxd4 15.
Ne2 Nxf4 16. Nxf4 a5 17. Rfd1 Rd8 18. Ne2 Bc5 19. c3 d3 20. Nc1 d2 21. Nb3 b6
22. Nxd2 Ba6 23. Ne4 Be7 24. f3 Bb7 25. Nd6 Bxd6 26. Rxd6 Rxd6 27. exd6 Rd8 28.
Rd1 Bc6 29. Bb3 Kf8 30. Kf2 Rb8 31. Ke3 Ke8 32. g3 b5 33. axb5 Rxb5 34. Ba4 Re5+
35. Kf4 Rf5+ 36. Ke3 Bxa4 37. Ra1 Bc6 38. c4 Rxf3+ 39. Kd4 a4 40. Kc5 Kd7 41. b4
Rf5+ 42. Kb6 Kxd6 43. c5+ Kd5 44. Rd1+ Kc4 45. Kxc6 Kxb4 46. Kb6 a3 47. c6 Rb5+
48. Ka6 Rc5 49. Kb7 e5 50. c7 a2 51. c8=Q Rxc8 52. Kxc8 Kb3 53. Rf1 Kb2 54. Rf2+
Ka3 55. Rf1 e4 56. Kd7 e3 57. Re1 Kb2 58. Re2+ Kb1 59. Rxe3 a1=Q 60. Re1+ Kb2
61. Rxa1 Kxa1 62. Ke7 f5 63. Ke6 g6 64. h4 Kb2 65. Kf6 Kc3 66. Kg7 f4 67. gxf4
Kd4 68. Kxh7 Ke4 69. Kxg6 Kxf4 70. h5 1-0